000 01076nmm a2200361 a 4500
003 AR-BaBNM
005 20251128204448.0
008 135019s1992 ||||||||||||||000 | spa||
020 _a950-13-6017-2
040 _cAR-BaBNM
100 1 _aAebli, Hans
245 1 0 _aUna didáctica fundada en la psicología de Jean Piaget
260 _aBuenos Aires
_bKapelusz
_c1992
300 0 _a189 p.
_bil.
500 0 _aTraducción de Federico F. Mojardín
500 0 _aPrefacio por Jean Piaget
504 _aContiene bibliografía general e índice de obras citadas
650 4 _aPEDAGOGIA
650 4 _aEXPERIENCIA PEDAGOGICA
650 4 _aPSICOLOGIA DE LA EDUCACION
650 4 _aDIDACTICA
650 4 _aESCUELAS ACTIVAS
650 4 _aENSENANZA DE LA CIENCIA
650 4 _aENSENANZA DE LA GEOGRAFIA
650 4 _aENSENANZA DE LA HISTORIA
650 4 _aENSENANZA DE LA LENGUA MATERNA
650 4 _aENSENANZA DE LAS MATEMATICAS
650 4 _aCALCULO
650 4 _aTECNICAS DIDACTICAS
653 0 _aINVESTIGACION EDUCATIVA
942 _cBK
998 _cCarmen
999 _c7519
_d7519